00802nam a22001937a 4500003000900000008004100009040007100050082002000121100002500141245006600166260004300232300004400275440002700319505015700346650002400503650002300527650002100550700003700571AR-CdUCM190401b ||||| |||| 00| 0 spa d aMUNICIPALIDAD PROVINCIAL DEL CUSCOcBIBLIOTECA MUNICIPAL DEL CUSCO aEP / 800 /bV25 aVan Loon, Hendrik W. aHistoria del hombre primitivo (origen de la civilización) / aBuenos Aires :bEditorial Acme,c1956. a236 páginas ;bIlustraciones,c19 cm. aColección Robin Hood aContenido: El hombre prehistórico -- El mundo se enfría -- Fin de la edad de piedra -- La primera escuela de la raza humana -- La llave de piedra... aLiteratura infaltil aLiteratura escolar aPrimeros hombres aBarberá, Manuel (traducción)